000
00315nam a22001457a 4500
003
SGT
020
_a
978-93-82443-65-0
082
_a
617.7
_b
S17K
100
_a
KHANNA, SHIV NATH
245
_a
SALAKYA-TANTRA
260
_a
VARANASI
_b
CHAUKHAMBHA PUB
_c
2017
300
_a
518
650
_a
AYURVEDA
942
_2
ddc
_c
BK
999
_c
16536
_d
16536